1037 1255 1253 1641 1253 1522 1323 1872 1690 1342 1450 1528 1118 1827 1268 1966 1848 1649 1314 1533 1258 1422 1968 1815 1600 1927 1934 1026 1360 1082 1328 1934 1268 1275 1873 1149 1864 1712 1866 1488 1683 1515 1868 1669 1395 1856 1798 1899 1372 1648 1982 1375 1369 1676 1613 1701 1577 1912 1758 1673 1331 1876 1318 1195 1948 1936 1641 1774 1397 1245 1613 1305 1161 1636 1798 1071 1837 1258 1721 1846 1297 1597 1091 1949 1821 1498 1139 1624 1020 1221 1568 1948 1239 1560 1659 1628 1187 1894 1596 BCNSPRNW ULIB Ver.6.0+V

เปลี่ยนเป็นภาษาไทย

Change to English
 แสดงรายละเอียดบรรณานุกรม
  กลับหน้าหลัก

Brief Record : Get Marc (ISO 2709) : E-mail record : QR code < ปิดหน้าต่าง
LEADER : 00000nam 2200000uu 4500
001    13399120950
003     ULIB
008    121029s2546||||th 000 0 tha d
020    ^a974950724X
060 04 ^aWR140^bอ252ร 2546
245 00 ^aโรคผิวหนังต้องรู้ :^bสำหรับเวชปฏิบัติทั่วไป /^cบรรณาธิการ,อภิชาติ ศิวยาธร, กนกวลัย กุลทนันทน์
250    ^aพิมพ์ครั้งที่ 3
260    ^aกรุงเทพฯ :^bหมอชาวบ้าน,^c2546
300    ^a227 หน้า :^bภาพประกอบสี ;^c27 ซม.
650  7 ^aผิวหนัง, โรค
653    ^aผลงานอาจารย์คณะแพทยศาสตร์ศิริราชพยาบาล
700 0  ^aอภิชาติ ศิวยาธร,^eบรรณาธิการ
700 0  ^aกนกวลัย กุลทนันทน์,^eบรรณาธิการ
945    ^p0^l0^i12955
995    ^aกัณชพร
999 ^a ใช้งานได้ทุกระบบ
รายการนี้ยังไม่มีแท็ก
คุณยังไม่ได้ล็อกอิน คุณสามารถมีกิจกรรมร่วมกับเว็บไซต์ได้ แต่ต้องล็อกอินก่อน ::
  ล็อกอิน

รายการสื่อสารสนเทศ

ลำดับที่ ประเภท เลขเรียก/บาร์โค้ด สถานที่ สถานะ
1. วิทยาศาสตร์การแพทย์ และสุขภาพ
วิทยาศาสตร์การแพทย์ และสุขภาพ
WR140 อ252ร 2546  
  Barcode: 12955
ห้องสมุดวิทยาเขตสวรรค์ประชารักษ์
►หนังสือทั่วไป
บนชั้น

รายการใกล้เคียง
    หัวเรื่อง [ผิวหนัง, โรค]

BibComment


ยังไม่เคยถูกคอมเมนท์

คอมเมนท์ทรัพยากรรายการนี้
  คอมเมนท์: โรคผิวหนังต้องรู..


 Copyright 2026. Bcnsprnw @Library